MARC

LEADER 00000nam0a2200000 4500
001 304954
005 20231102001743.0
020 |a RU  |b 83-40878 
035 |a (RuTPU)RU\TPU\book\330213 
090 |a 304954 
100 |a 20150921d1982 km y0rusy5003 ca 
101 0 |a rus 
102 |a RU 
105 |a a z 001zb 
200 1 |a Дистанционные методы и средства изучения природных ресурсов Земли  |e сборник научных трудов, посвященных100-летию Н. Г. Келля  |f Всесоюзный научно-исследовательский геологический институт (ВСЕГЕИ) ; под ред. В. Б. Комарова, В. И. Павлова 
210 |a Ленинград  |c Изд-во ВСЕГЕИ  |d 1982 
215 |a 155 с.  |c ил.  |d 21 см 
320 |a Библиогр. в конце ст. 
600 1 |a Келль  |b Николай Георгиевич 
600 1 |a Келль  |b Н. Г.  |c создатель отечественной школы геодезистов-маркшейдеров  |f 1883-1965  |g Николай Георгиевич  |2 stltpush  |3 (RuTPU)RU\TPU\pers\25704  |9 11615 
606 1 |a Природные ресурсы  |x Исследование  |x Аэрометоды  |2 stltpush  |3 (RuTPU)RU\TPU\subj\51705  |9 70273 
606 1 |a Физико-географические исследования  |x Статистические методы  |2 stltpush  |3 (RuTPU)RU\TPU\subj\63731  |9 80706 
610 1 |a космические аппараты 
610 1 |a дистанционные методы 
610 1 |a аэрокосмическая съемка 
610 1 |a фотограмметрия 
610 1 |a результаты 
610 1 |a ученые 
610 1 |a обработка 
675 |a 910.25  |z rus  |v 3 
675 |a 528.97  |z rus  |v 3 
702 1 |a Комаров  |b В. Б.  |g Владимир Борисович  |4 340 
702 1 |a Павлов  |b В. И.  |4 340 
712 0 2 |a Всесоюзный научно-исследовательский геологический институт (ВСЕГЕИ)  |c (Ленинград)  |c (1939-1992)  |2 stltpush  |3 (RuTPU)RU\TPU\col\11367 
801 0 |a RU  |b RuMRKP  |c 19950704  |g psbo 
801 1 |a RU  |b 63413507  |c 20150921 
801 2 |a RU  |b 63413507  |c 20180907  |g RCR 
942 |c BK